|
|
|
|
| LEADER |
03399nam a22005655i 4500 |
| 001 |
978-3-642-25364-5 |
| 003 |
DE-He213 |
| 005 |
20170107165635.0 |
| 007 |
cr nn 008mamaa |
| 008 |
111119s2011 gw | s |||| 0|eng d |
| 020 |
|
|
|a 9783642253645
|9 978-3-642-25364-5
|
| 024 |
7 |
|
|a 10.1007/978-3-642-25364-5
|2 doi
|
| 040 |
|
|
|d GrThAP
|
| 050 |
|
4 |
|a QA76.76.A65
|
| 072 |
|
7 |
|a UNH
|2 bicssc
|
| 072 |
|
7 |
|a UDBD
|2 bicssc
|
| 072 |
|
7 |
|a COM032000
|2 bisacsh
|
| 082 |
0 |
4 |
|a 005.7
|2 23
|
| 245 |
1 |
0 |
|a Information Quality in e-Health
|h [electronic resource] :
|b 7th Conference of the Workgroup Human-Computer Interaction and Usability Engineering of the Austrian Computer Society, USAB 2011, Graz, Austria, November 25-26, 2011. Proceedings /
|c edited by Andreas Holzinger, Klaus-Martin Simonic.
|
| 264 |
|
1 |
|a Berlin, Heidelberg :
|b Springer Berlin Heidelberg :
|b Imprint: Springer,
|c 2011.
|
| 300 |
|
|
|a XVI, 716 p. 219 illus.
|b online resource.
|
| 336 |
|
|
|a text
|b txt
|2 rdacontent
|
| 337 |
|
|
|a computer
|b c
|2 rdamedia
|
| 338 |
|
|
|a online resource
|b cr
|2 rdacarrier
|
| 347 |
|
|
|a text file
|b PDF
|2 rda
|
| 490 |
1 |
|
|a Lecture Notes in Computer Science,
|x 0302-9743 ;
|v 7058
|
| 520 |
|
|
|a This book constitutes the refereed proceedings of the 7th Conference of the Workgroup Human-Computer Interaction and Usability Engineering of the Austrian Computer Society, USAB 2011, in Graz, Austria, in November 2011. The 18 revised full papers together with 29 revised short papers and 2 posters presented were carefully reviewed and selected from 103 submissions. The papers are organized in topical sections on cognitive approaches to clinical data management for decision support, human-computer interaction and knowledge discovery in databases (hci-kdd), information usability and clinical workflows, education and patient empowerment, patient empowerment and health services, information visualization, knowledge & analytics, information usability and accessibility, governmental health services & clinical routine, information retrieval and knowledge discovery, decision making support & technology acceptance, information retrieval, privacy & clinical routine, usability and accessibility methodologies, information usability and knowledge discovery, human-centred computing, and biomedical informatics in health professional education.
|
| 650 |
|
0 |
|a Computer science.
|
| 650 |
|
0 |
|a Health informatics.
|
| 650 |
|
0 |
|a Computer communication systems.
|
| 650 |
|
0 |
|a Information storage and retrieval.
|
| 650 |
|
0 |
|a User interfaces (Computer systems).
|
| 650 |
|
0 |
|a Artificial intelligence.
|
| 650 |
1 |
4 |
|a Computer Science.
|
| 650 |
2 |
4 |
|a Information Systems Applications (incl. Internet).
|
| 650 |
2 |
4 |
|a Artificial Intelligence (incl. Robotics).
|
| 650 |
2 |
4 |
|a Information Storage and Retrieval.
|
| 650 |
2 |
4 |
|a User Interfaces and Human Computer Interaction.
|
| 650 |
2 |
4 |
|a Computer Communication Networks.
|
| 650 |
2 |
4 |
|a Health Informatics.
|
| 700 |
1 |
|
|a Holzinger, Andreas.
|e editor.
|
| 700 |
1 |
|
|a Simonic, Klaus-Martin.
|e editor.
|
| 710 |
2 |
|
|a SpringerLink (Online service)
|
| 773 |
0 |
|
|t Springer eBooks
|
| 776 |
0 |
8 |
|i Printed edition:
|z 9783642253638
|
| 830 |
|
0 |
|a Lecture Notes in Computer Science,
|x 0302-9743 ;
|v 7058
|
| 856 |
4 |
0 |
|u http://dx.doi.org/10.1007/978-3-642-25364-5
|z Full Text via HEAL-Link
|
| 912 |
|
|
|a ZDB-2-SCS
|
| 912 |
|
|
|a ZDB-2-LNC
|
| 950 |
|
|
|a Computer Science (Springer-11645)
|